Multi continental countries - Statistics

General Stats
  • This quiz has been taken 76 times
  • The average score is 24 of 29
Answer Stats
Hint Answer % Correct
Asia/Europe Turkey
100%
Asia/Europe Russia
98%
Europe/North America/South America/Oceania/Africa/Asia/Antartica UK
97%
Europe/North America/South America/Oceania/Africa/Antartica France
95%
Asia/Europe Georgia
92%
Europe/Africa Spain
92%
North America/Oceania,Asia USA
90%
Asia/Oceania Indonesia
87%
Europe/Africa portugal
87%
Asia/Europe Armenia
85%
Asia/Europe Azerbaijan
85%
south America/Oceania/Antartica Chile
85%
Oceania/Antartica New Zealand
85%
North America/South America panama
85%
South America/Antartica Argentina
84%
Europe/North America Denmark
84%
Asia/Africa Egypt
84%
Asia/Europe Kazakhstan
81%
Europe/Antartica Norway
81%
Oceania/Asia/Antartica Australia
79%
Europe/North America Netherlands
76%
North America/South America Colombia
74%
Europe/Africa italy
74%
Africa/Antartica South Africa
73%
south America/Oceania Ecuador
69%
Asia/Europe Greece
61%
Asia/Oceania Japan
60%
North America/South America Venezuela
58%
Asia/Africa yemen
53%
No matching quizzes found
Score Distribution
Percent of People with Each Score
Percentile by Number Answered
Your Score History
You have not taken this quiz